00452nam a2200169Ia 4500003000900000008004100009020001800050040001600068080001700084100002000101245004700121260004800168300001500216650001300231650001900244650001900263IN-BaIIA211028s9999 xx 000 0 eng d a0-521-80349-7 cIIA Library a530.145bGRI aGriffiths, R. B 0aConsistent quantum theorycR. B. Griffiths aCambridgebCambridge University Pressc2002 axvi, 391p. aDynamics aQuantum theory aWave mechanics